Statistics for Parts of the Netherlands

Click here to take the quiz!

General Stats

  • This quiz has been taken 103 times
  • The average score is 5 of 7

Answer Stats

HintAnswer% Correct
Constituent CountriesAruba
94%
Constituent CountriesCuraçao
91%
Caribbean MunicipalitiesBonaire
82%
Constituent CountriesSint Maarten
76%
Constituent CountriesNetherlands
74%
Caribbean MunicipalitiesSaba
54%
Caribbean MunicipalitiesSint Eustatius
43%

Score Distribution

Percentile by Number Answered

Percent of People with Each Score

Your Score History

You have not taken this quiz